| Tag |
First Indicator |
Second Indicator |
Subfields |
| LEADER |
00000cgm a22000001i 4500 |
| 001 |
in00003585708 |
| 006 |
m o c |
| 007 |
vz uzazuu |
| 007 |
cr una---unuuu |
| 008 |
141205p20142009cau090 o vleng d |
| 005 |
20260324165314.0 |
| 028 |
5 |
2 |
|a 1130863
|b Kanopy
|
| 035 |
|
|
|a (OCoLC)900276385
|
| 035 |
|
|
|a (CaSfKAN)kan1130863
|
| 040 |
|
|
|a UtOrBLW
|b eng
|e rda
|c UtOrBLW
|d UtOrBLW
|
| 245 |
0 |
0 |
|a Blue Gold :
|b World Water Wars.
|
| 264 |
|
1 |
|a [San Francisco, California, USA] :
|b Kanopy Streaming,
|c 2014.
|
| 300 |
|
|
|a 1 online resource (1 videos file, approximately 90 min.) :
|b digital, .flv file, sound
|
| 336 |
|
|
|a two-dimensional moving image
|b tdi
|2 rdacontent
|
| 337 |
|
|
|a computer
|b c
|2 rdamedia
|
| 338 |
|
|
|a online resource
|b cr
|2 rdacarrier
|
| 344 |
|
|
|a digital
|
| 347 |
|
|
|a video file
|b MPEG-4
|b Flash
|
| 500 |
|
|
|a Title from title frames.
|
| 518 |
|
|
|a Originally produced by PBS in 2009.
|
| 520 |
|
|
|a This award winning documentary directed by Sam Bozzo is based on the book BLUE GOLD: THE FIGHT TO STOP THE CORPORATE THEFT OF THE WORLD'S WATER by Maude Barlow and Tony Clark. The film examines the problems created by the privatization and commoditization of water.
|
| 538 |
|
|
|a Mode of access: World Wide Web.
|
| 650 |
|
0 |
|a Water-supply
|x Economics.
|
| 650 |
|
0 |
|a Water-supply.
|0 http://id.loc.gov/authorities/subjects/sh85145648
|
| 650 |
|
0 |
|a Water resources development
|x Government policy.
|0 http://id.loc.gov/authorities/subjects/sh2010118340
|
| 655 |
|
7 |
|a Internet videos.
|2 lcgft
|0 http://id.loc.gov/authorities/genreForms/gf2011026337
|
| 655 |
|
7 |
|a Nonfiction films.
|2 lcgft
|0 http://id.loc.gov/authorities/genreForms/gf2011026423
|
| 655 |
|
7 |
|a Documentary films.
|2 lcgft
|0 http://id.loc.gov/authorities/genreForms/gf2011026205
|
| 700 |
1 |
|
|a Bozzo, Sam,
|d 1969-
|e film director.
|0 http://id.loc.gov/authorities/names/no2009075033
|
| 710 |
2 |
|
|a Kanopy (Firm)
|0 http://id.loc.gov/authorities/names/no2014091415
|
| 856 |
4 |
0 |
|u http://proxy.library.tamu.edu/login?url=https://texasam.kanopystreaming.com/node/130864
|z Connect to this streaming video
|t 0
|
| 999 |
f |
f |
|s 3e8d94a3-0246-3d4b-9670-cd42f29788e9
|i 91746a71-037b-3388-b753-e1c7a0be7167
|t 0
|
| 952 |
f |
f |
|a Texas A&M University
|b College Station
|c Electronic Resources
|s www_evans
|d Available Online
|t 0
|h No information provided
|
| 998 |
f |
f |
|t 0
|l Available Online
|